000 00417cam a2200169ua 4500
020 _c10.50
041 _aeng
_h
082 _a346.066
_bDES/EL
100 _aDesai, U.V .
245 _aElements of company law /
_cU.V.Desai.
_hTextual Documents
260 _aMumbai :
_bAllied Publishers Pvt Ltd ,
_c1963.
300 _a278 ;
_e`.
365 _a10.50
504 _a
942 _cBK
999 _c11898
_d11898